000 00362nam a22001577a 4500
003 SGT
020 _a9789356967298
082 _a610
_bC25A
100 _aAlagappan, R.
245 _aClinical Medicine for Dental studens
250 _a4th Ed.
260 _aNew Delhi, India
_bJaypee Publishers
_c2025
300 _a472
650 _aMedicine
942 _2ddc
_cBK
999 _c32810
_d32810